Eastern Utah Libraries Catalog: Duchesne, Heber, Roosevelt, & Vernal

Tropic of stupid / (Record no. 407655)

MARC details
000 -LEADER
fixed length control field 02453pam a2200373 i 4500
001 - CONTROL NUMBER
control field zaspen b721023
005 - DATE AND TIME OF LATEST TRANSACTION
control field 20250505140714.0
008 - FIXED-LENGTH DATA ELEMENTS--GENERAL INFORMATION
fixed length control field 201124s2021 nyu 000 1 eng d
010 ## - LIBRARY OF CONGRESS CONTROL NUMBER
LC control number bl2020073364
020 ## - INTERNATIONAL STANDARD BOOK NUMBER
International Standard Book Number 9781788423595 (pbk)
035 ## - SYSTEM CONTROL NUMBER
System control number sky301209312
040 ## - CATALOGING SOURCE
Description conventions rda
050 14 - LIBRARY OF CONGRESS CALL NUMBER
Classification number PS3554.O719
Item number T76 2021
082 04 - DEWEY DECIMAL CLASSIFICATION NUMBER
Classification number 813/.54
Edition number 23
092 ## - LOCALLY ASSIGNED DEWEY CALL NUMBER (OCLC)
Classification number fiction
Item number Dorsey, Tim
100 1# - MAIN ENTRY--PERSONAL NAME
Personal name Dorsey, Tim,
Relator term author.
9 (RLIN) 47758
245 10 - TITLE STATEMENT
Title Tropic of stupid /
Statement of responsibility, etc Tim Dorsey.
264 #1 - Production, Publication, Distribution, Manufacture, and Copyright Notice.
Place of production, publication, distribution, manufacture Richmond, United Kingdom :
Name of producer, publisher, distributor, manufacturer Farrago, an imprint of Duckworth Books Ltd.
Date of production, publication, distribution, manufacture, or copyr [2021]
300 ## - PHYSICAL DESCRIPTION
Extent 304 pages ;
Dimensions [20 cm]
336 ## - Content Type
Content type term text
337 ## - Media type
Media type term unmediated
338 ## - Carrier type
Carrier type term volume
490 1# - SERIES STATEMENT
Series statement Serge Storms
Volume number/sequential designation 24
520 ## - SUMMARY, ETC.
Summary, etc "Devoted Floridaphile Serge Storms is a lover of history, so heś decided to investigate his own using one of those DNA services from late-night TV. Excited to construct a family tree, he and Coleman hit the road to meet his kin. Along the way, he plans to introduce Coleman to the Sunshine Stateś beautiful parks where he can brush up on his flora, fauna, and wildlife, and more importantly, collect the missing stamps for his park passport book. But as the old saying goes, the apple doesnt́ fall far . . . Serge is thrilled to discover he may be related to a notorious serial killer whoś terrorized the state for twenty years and never been caught. Which one of his newfound relatives will be the one to help him hunt down this deranged maniac? Serge doesnt́ know that a dogged investigator from the Florida Department of Law Enforcement is also hot on the trail. Then Serge meets a park ranger whoś also longing to make a family re-connection. But all is not as it appears on the surface, and Sergeś newfound friendship in the mysterious swamps of Florida may lead to deadly results. Finding his own relatives has made Serge understand the importance of family. Of course heĺl do anything to help . . . "--book jacket.
650 #0 - SUBJECT ADDED ENTRY--TOPICAL TERM
Topical term or geographic name as entry element Storms, Serge (Fictitious character)
Form subdivision Fiction.
9 (RLIN) 5698885
650 #0 - SUBJECT ADDED ENTRY--TOPICAL TERM
Topical term or geographic name as entry element Private investigators
Geographic subdivision Florida
Form subdivision Fiction.
9 (RLIN) 6391020
650 #0 - SUBJECT ADDED ENTRY--TOPICAL TERM
Topical term or geographic name as entry element Automobile travel
Form subdivision Fiction.
9 (RLIN) 5690602
650 #0 - SUBJECT ADDED ENTRY--TOPICAL TERM
Topical term or geographic name as entry element Suspense fiction.
651 #0 - SUBJECT ADDED ENTRY--GEOGRAPHIC NAME
Geographic name Florida
Form subdivision Fiction.
9 (RLIN) 5677288
655 #7 - INDEX TERM--GENRE/FORM
Genre/form data or focus term Detective and mystery fiction.
Source of term lcgft.
9 (RLIN) 5683641
655 #7 - INDEX TERM--GENRE/FORM
Genre/form data or focus term Humorous fiction.
Source of term lcgft.
830 #0 - SERIES ADDED ENTRY--UNIFORM TITLE
Uniform title Serge Storms
Volume number/sequential designation 24.
9 (RLIN) 6544216
942 ## - ADDED ENTRY ELEMENTS (KOHA)
Source of classification or shelving scheme Dewey Decimal Classification
Koha item type BOOK
Holdings
Withdrawn status Lost status Source of classification or shelving scheme Damaged status Not for loan Collection code Home library Current library Shelving location Date acquired Source of acquisition Serial Enumeration / chronology Total Checkouts Total Renewals Full call number Barcode Date last seen Date checked out Cost, replacement price Price effective from Koha item type
    Dewey Decimal Classification     Fiction Wasatch County Library Wasatch County Library First Floor 05/05/2025   #24 Serge Storms 5 3 F Dorsey 34301002115105 08/15/2025 07/25/2025 12.99 05/05/2025 BOOK
This project was made possible through a grant from the Institute of Museum and Library Service administered by the Utah State Library Division.

Wasatch County Library

  • 465 East 1200 South, Heber City, Utah 84032
  • Phone 435-654-1511 | Fax 435-654-6456

Hours

  • Monday - Friday 9:30 AM - 8:00 PM
  • Saturday 9:30 AM - 1:30 PM
  • Closed Sundays and Holidays